| 000 | 00562nam a22001937a 4500 | ||
|---|---|---|---|
| 003 | KOHA_MİRAKIL | ||
| 005 | 20251219092915.0 | ||
| 008 | 251219b tu ||||| |||| 00| 0 tur d | ||
| 020 | _a9786054827893 | ||
| 040 |
_aTR-AnABB _btur _cTR-AnABB |
||
| 041 | _atur | ||
| 082 |
_a751 _bCAN 2023 |
||
| 100 | 1 | _aCançat, Aysun, | |
| 245 | 1 | 0 |
_aResim teknikleri ansiklopedisi / _cAysun Cançat |
| 260 |
_aİstanbul : _bİstanbul Gelişim Üniversitesi Yayınları, _c2023 |
||
| 300 |
_a337 sayfa ; _c24 cm |
||
| 650 | 0 | 4 | _aResim teknikleri |
| 942 |
_2ddc _cBK |
||
| 999 |
_c9781 _d9781 |
||
| 900 | _bGizem YORULMAZ | ||